书目信息 |
| 题名: |
锡的地球化学
|
|
| 作者: | 陈骏 著 | |
| 分册: | ||
| 出版信息: | 南京 南京大学出版社 2000 |
|
| 页数: | 320页 | |
| 开本: | 21cm | |
| 丛书名: | 南京大学学术文库 | |
| 单 册: | ||
| 中图分类: | P595 | |
| 科图分类: | ||
| 主题词: | 锡--地球化学--研究 | |
| 电子资源: | ||
| ISBN: | 7-305-03581-5 | |
| 000 | 00669nam0 2200229 45 | |
| 001 | 0309151415 | |
| 005 | 20031219104114.7 | |
| 010 | @a7-305-03581-5@dCNY22.00 | |
| 100 | @a20030915d2000 km y0chiy0120 ea | |
| 101 | 0 | @achi |
| 105 | @a z 000yy | |
| 200 | 1 | @a锡的地球化学@AXi De Di Qiu Hua Xue@f陈骏等著@FChen Jun Deng Zhu |
| 210 | @a南京@c南京大学出版社@d2000 | |
| 215 | @a320页@d21cm | |
| 225 | @a南京大学学术文库@f蒋树声主编 | |
| 410 | @12001 @a南京大学学术文库 | |
| 410 | @1700 0@a蒋树声@AJiang Shu Sheng@4主编 | |
| 606 | 0 | @a锡@x地球化学@x研究 |
| 690 | @aP595@v4 | |
| 701 | 0 | @a陈骏@4著 |
| 801 | @aCN@bTSTC@c20030915 | |
| 905 | @b325248-252@dP595@e73@f5 | |
| 锡的地球化学/陈骏等著.-南京:南京大学出版社,2000 |
| 320页;21cm.-(南京大学学术文库/蒋树声主编) |
| ISBN 7-305-03581-5:CNY22.00 |
| ● |
| 相关链接 |
|
|
|
|
正题名:锡的地球化学
索取号:P595/73
 
预约/预借
| 序号 | 登录号 | 条形码 | 馆藏地/架位号 | 状态 | 备注 |
| 1 | 0325248 | 203252489 | 第三借阅区/ [索取号:P595/73] | 在馆 | |
| 2 | 0325249 | 203252498 | 第三借阅区/ [索取号:P595/73] | 在馆 | |
| 3 | 0325250 | 203252504 | 第三借阅区/ [索取号:P595/73] | 在馆 | |
| 4 | 0325251 | 203252513 | 第三借阅区/ [索取号:P595/73] | 在馆 | |
| 5 | 0325252 | 203252522 | 第二样本阅览室/ [索取号:P595/73] | 在馆 |